Reconstruction Or Destruction? : (Record no. 611872)

MARC details
000 -LEADER
fixed length control field 00467nam a2200181 a 4500
008 - FIXED-LENGTH DATA ELEMENTS--GENERAL INFORMATION
fixed length control field 260211s1999##################000#0#eng##
020 ## - INTERNATIONAL STANDARD BOOK NUMBER
ISBN 9788173712005
082 04 - DEWEY DECIMAL CLASSIFICATION NUMBER
Classification number 330
Item number BRU
100 1# - MAIN ENTRY--AUTHOR NAME
Personal name Brundenius, Claes,
245 10 - TITLE STATEMENT
Title Reconstruction Or Destruction? :
260 ## - PUBLICATION, DISTRIBUTION, ETC. (IMPRINT)
Year of publication 1999.
650 #0 - SUBJECT ADDED ENTRY--TOPICAL TERM
Topical Term Developing countries.
942 ## - ADDED ENTRY ELEMENTS (KOHA)
Koha item type English Books
Holdings
Withdrawn status Lost status Damaged status Not for loan Home library Current library Shelving location Date acquired Full call number Accession Number Price effective from Koha item type
        Anna Centenary Library Anna Centenary Library 4TH FLOOR, A WING 11.02.2026 330 BRU 450764 11.02.2026 English Books

Find us on the map